[Event "Sundsvall op"]
[Site "Sundsvall"]
[Date "2020.01.04"]
[Round "1"]
[White "Grishchenko, Sergey"]
[Black "Andersson, Sven Olof"]
[Result "1-0"]
[WhiteElo "2404"]
[BlackElo "1870"]
[PlyCount "83"]
[EventDate "2020.01.04"]
[EventType "swiss"]
[EventRounds "8"]
[EventCountry "SWE"]
[SourceTitle "CBM 194 Extra"]
[Source "ChessBase"]
[SourceDate "2020.03.31"]
[SourceVersion "1"]
[SourceVersionDate "2020.03.31"]
[SourceQuality "1"]

1. d4 Nf6 2. c4 e5 3. dxe5 Ng4 4. Bf4 Nc6 5. Nf3 Bb4+ 6. Nbd2 Qe7 7. e3 Ngxe5 8. Nxe5 Nxe5 9. Be2 0-0 10. 0-0 d6 11. Nb3 Ng6 12. Bg3 Bd7 13. a3 Bc5 14. Nxc5 dxc5 15. Bxc7 Rfe8 16. Qd6 Rac8 17. Qxe7 Rxe7 18. Bg3 Bc6 19. Rfd1 b6 20. Rd6 Rd7 21. Rad1 Rxd6 22. Rxd6 Ba4 23. Bg4 Re8 24. Bd7 Bxd7 25. Rxd7 h6 26. Rxa7 Rd8 27. h4 Rd1+ 28. Kh2 Rd2 29. h5 Nf8 30. Ra8 Rd7 31. Rb8 g6 32. hxg6 fxg6 33. Rxb6 Kf7 34. b4 Ne6 35. b5 Ra7 36. Ra6 Rd7 37. a4 h5 38. a5 Rd2 39. Rd6 Ra2 40. b6 Rxa5 41. b7 h4 42. Bxh4 1-0

[Event "Bremen Silvester op"]
[Site "Bremen"]
[Date "2019.12.29"]
[Round "5"]
[White "Reuker, Jari"]
[Black "Grishchenko, Sergey"]
[Result "1/2-1/2"]
[WhiteElo "2383"]
[BlackElo "2404"]
[PlyCount "76"]
[EventDate "2019.12.27"]
[EventType "swiss"]
[EventRounds "7"]
[EventCountry "GER"]
[SourceTitle "CBM 194 Extra"]
[Source "ChessBase"]
[SourceDate "2020.03.31"]
[SourceVersion "1"]
[SourceVersionDate "2020.03.31"]
[SourceQuality "1"]

1. e4 c6 2. d4 d5 3. Nd2 dxe4 4. Nxe4 Nf6 5. Nxf6+ gxf6 6. Nf3 Bf5 7. Bd3 Nd7 8. 0-0 Bg6 9. c3 Qc7 10. Re1 e6 11. g3 Bxd3 12. Qxd3 0-0-0 13. b4 h5 14. Rb1 Be7 15. Qe2 Rdg8 16. Kh1 f5 17. c4 h4 18. Bf4 Bd6 19. Bxd6 Qxd6 20. gxh4 Nf6 21. Rg1 Rg4 22. Rg3 Re4 23. Qd2 Nh5 24. Rgg1 Nf4 25. Rbe1 Ng6 26. Qg5 Nxh4 27. Qg7 Qf8 28. Qxf8+ Rxf8 29. Rxe4 Nxf3 30. Rf4 Nxg1 31. Kxg1 Rh8 32. Kg2 Kd7 33. Rf3 Rh4 34. Rd3 Kd6 35. f3 a6 36. Kg3 Rh8 37. a4 Rg8+ 38. Kf2 Rh8 1/2-1/2

[Event "Condom 18th"]
[Site "Condom"]
[Date "2019.07.14"]
[Round "2"]
[White "Grishchenko, Sergey"]
[Black "Vedmediuc, Serghei"]
[Result "1/2-1/2"]
[WhiteElo "2423"]
[BlackElo "2450"]
[PlyCount "24"]
[EventDate "2019.07.13"]
[EventType "tourn"]
[EventRounds "9"]
[EventCountry "FRA"]
[EventCategory "5"]
[SourceTitle "CBM 191 Extra"]
[Source "ChessBase"]
[SourceDate "2019.09.30"]
[SourceVersion "1"]
[SourceVersionDate "2019.09.30"]
[SourceQuality "1"]

1. d4 d5 2. c4 c6 3. Nc3 Nf6 4. cxd5 cxd5 5. Bf4 Nc6 6. e3 Bg4 7. Qb3 Na5 8. Qa4+ Bd7 9. Qc2 e6 10. Bd3 Rc8 11. Nf3 Be7 12. 0-0 0-0 1/2-1/2

[Event "Pula op 33rd"]
[Site "Pula"]
[Date "2019.06.24"]
[Round "4"]
[White "Grishchenko, Sergey"]
[Black "Suta, Andraz"]
[Result "1/2-1/2"]
[WhiteElo "2411"]
[BlackElo "2195"]
[PlyCount "32"]
[EventDate "2019.06.22"]
[EventType "swiss"]
[EventRounds "9"]
[EventCountry "CRO"]
[SourceTitle "CBM 191 Extra"]
[Source "ChessBase"]
[SourceDate "2019.09.30"]
[SourceVersion "1"]
[SourceVersionDate "2019.09.30"]
[SourceQuality "1"]

1. d4 Nf6 2. c4 e6 3. Nc3 Bb4 4. e3 0-0 5. Nge2 Re8 6. a3 Bf8 7. d5 a5 8. g3 Na6 9. Bg2 Nc5 10. b3 exd5 11. cxd5 b6 12. 0-0 Ba6 13. Qc2 Bd3 14. Qd1 Ba6 15. Qc2 Bd3 16. Qd1 Ba6 1/2-1/2

[Event "Stockholm 4 Knights"]
[Site "Stockholm"]
[Date "2019.06.18"]
[Round "6"]
[White "Kononenko, Dmitry1111"]
[Black "Grishchenko, Sergey"]
[Result "0-1"]
[WhiteElo "2267"]
[BlackElo "2411"]
[PlyCount "69"]
[EventDate "2019.06.15"]
[EventType "tourn"]
[EventRounds "9"]
[EventCountry "SWE"]
[SourceTitle "CBM 191 Extra"]
[Source "ChessBase"]
[SourceDate "2019.09.30"]
[SourceVersion "1"]
[SourceVersionDate "2019.09.30"]
[SourceQuality "1"]

1. e4 c6 2. d4 d5 3. exd5 cxd5 4. c4 Nf6 5. Nc3 g6 6. Qb3 Bg7 7. cxd5 0-0 8. Be2 Nbd7 9. Bf3 Nb6 10. a4 a5 11. Nge2 Bg4 12. Bxg4 Nxg4 13. 0-0 Nf6 14. Nf4 Qd6 15. Nb5 Qd7 16. Nc3 Qd6 17. Nb5 Qd7 18. d6 exd6 19. Nc3 Qd8 20. Be3 d5 21. Rac1 h6 22. Nd3 Rc8 23. Nc5 Ng4 24. h3 Nxe3 25. fxe3 Nc4 26. Nxd5 Nd2 27. Qxb7 Nxf1 28. Rxf1 Rb8 29. Ne7+ Kh7 30. Qd7 Rxb2 31. Qxd8 Rxd8 32. Rxf7 Rb6 33. d5 Rf6 34. Rxf6 Bxf6 35. Nc6 0-1

[Event "RUS-chT2"]
[Site "Sochi"]
[Date "2019.05.09"]
[Round "8.1"]
[White "Grishchenko, Sergey"]
[Black "Konovalov, Viatcheslav"]
[Result "1-0"]
[WhiteElo "2415"]
[BlackElo "1941"]
[PlyCount "71"]
[EventDate "2019.05.01"]
[EventType "team-swiss"]
[EventRounds "9"]
[EventCountry "RUS"]
[SourceTitle "CBM 190 Extra"]
[Source "ChessBase"]
[SourceDate "2019.07.15"]
[SourceVersion "1"]
[SourceVersionDate "2019.07.15"]
[SourceQuality "1"]
[WhiteTeam "Smolensk Metrum Group"]
[BlackTeam "Samara Ladya"]
[WhiteTeamCountry "RUS"]
[BlackTeamCountry "RUS"]

1. d4 d5 2. c4 e6 3. Nc3 c6 4. e4 dxe4 5. Nxe4 Bb4+ 6. Nc3 c5 7. a3 Bxc3+ 8. bxc3 Nf6 9. Nf3 Qa5 10. Bd2 Ne4 11. Bd3 Nxd2 12. Qxd2 cxd4 13. cxd4 Nc6 14. Be4 Bd7 15. Rb1 Rb8 16. Ne5 Qxd2+ 17. Kxd2 Nxd4 18. Kd3 Nf5 19. Bxf5 exf5 20. Rhe1 Be6 21. Nc6 Rc8 22. Rxb7 Kf8 23. Nxa7 Rd8+ 24. Kc3 g6 25. a4 Re8 26. Nb5 Re7 27. Rb8+ Kg7 28. Rxh8 Kxh8 29. a5 Re8 30. a6 Rc8 31. Rxe6 fxe6 32. a7 Ra8 33. Kd4 Kg7 34. Kc5 e5 35. Kb6 e4 36. Kb7 1-0

[Event "Orsha op"]
[Site "Orsha"]
[Date "2019.01.21"]
[Round "6"]
[White "Grishchenko, Sergey"]
[Black "Silich, Yahor"]
[Result "1/2-1/2"]
[WhiteElo "2409"]
[BlackElo "2116"]
[PlyCount "34"]
[EventDate "2019.01.18"]
[EventType "swiss"]
[EventRounds "9"]
[EventCountry "BLR"]
[SourceTitle "CBM 188 Extra"]
[Source "ChessBase"]
[SourceDate "2019.02.26"]
[SourceVersion "1"]
[SourceVersionDate "2019.02.26"]
[SourceQuality "1"]

1. d4 Nf6 2. c4 d6 3. Nc3 Nbd7 4. Nf3 g6 5. e4 Bg7 6. Be2 0-0 7. 0-0 e5 8. Re1 c6 9. Bf1 h6 10. b3 Nh7 11. Qd2 Ng5 12. Nxg5 exd4 13. Na4 hxg5 14. Qxg5 Bf6 15. Qg3 Ne5 16. c5 d3 17. Bb2 Bh4 1/2-1/2

[Event "Orsha op"]
[Site "Orsha"]
[Date "2019.01.20"]
[Round "4"]
[White "Grishchenko, Sergey"]
[Black "Fedorov, Alexei"]
[Result "0-1"]
[WhiteElo "2409"]
[BlackElo "2557"]
[PlyCount "56"]
[EventDate "2019.01.18"]
[EventType "swiss"]
[EventRounds "9"]
[EventCountry "BLR"]
[SourceTitle "CBM 188 Extra"]
[Source "ChessBase"]
[SourceDate "2019.02.26"]
[SourceVersion "1"]
[SourceVersionDate "2019.02.26"]
[SourceQuality "1"]

1. d4 Nf6 2. c4 g6 3. Nc3 Bg7 4. e4 d6 5. Be2 0-0 6. Be3 c6 7. h4 e5 8. h5 Qa5 9. hxg6 fxg6 10. Rh4 g5 11. Rh1 Nxe4 12. Bd3 Bf5 13. Bxe4 Bxe4 14. Qg4 Bf5 15. Qxg5 Na6 16. Nge2 Nb4 17. Ng3 exd4 18. Nh5 Nc2+ 19. Ke2 Rf7 20. Ne4 Qe5 21. Nef6+ Kh8 22. g4 Bxf6 23. Nxf6 Qxf6 24. gxf5 Qxg5 25. Bxg5 Nxa1 26. f6 Nc2 27. a3 Re8+ 28. Kd2 d3 0-1

[Event "Sundsvall op"]
[Site "Sundsvall"]
[Date "2019.01.05"]
[Round "6"]
[White "Lundin, Jan"]
[Black "Grishchenko, Sergey"]
[Result "1/2-1/2"]
[WhiteElo "2301"]
[BlackElo "2409"]
[PlyCount "57"]
[EventDate "2019.01.04"]
[EventType "swiss"]
[EventRounds "8"]
[EventCountry "SWE"]
[SourceTitle "CBM 188 Extra"]
[Source "ChessBase"]
[SourceDate "2019.02.26"]
[SourceVersion "1"]
[SourceVersionDate "2019.02.26"]
[SourceQuality "1"]

1. e4 c6 2. d4 d5 3. exd5 cxd5 4. Bf4 Nc6 5. c3 Nf6 6. Nd2 h6 7. Bd3 g5 8. Bg3 Bg7 9. Ngf3 Nh5 10. Ne5 Nxe5 11. Bxe5 Bxe5 12. Qxh5 Bf6 13. 0-0 Qd6 14. Qe2 h5 15. Qe3 Qf4 16. Rae1 Bg4 17. Nb3 Kf8 18. a4 b6 19. Qxf4 gxf4 20. f3 Bd7 21. Ra1 a5 22. Rfe1 e6 23. Nc1 Ke7 24. Bf1 Bh4 25. Re5 f6 26. Re2 Bg5 27. Re1 Kd6 28. Nd3 Rhe8 29. Red1 1/2-1/2

[Event "Sundsvall op"]
[Site "Sundsvall"]
[Date "2019.01.04"]
[Round "2"]
[White "Attefall, Fredrik"]
[Black "Grishchenko, Sergey"]
[Result "0-1"]
[WhiteElo "1970"]
[BlackElo "2409"]
[PlyCount "56"]
[EventDate "2019.01.04"]
[EventType "swiss"]
[EventRounds "8"]
[EventCountry "SWE"]
[SourceTitle "CBM 188 Extra"]
[Source "ChessBase"]
[SourceDate "2019.02.26"]
[SourceVersion "1"]
[SourceVersionDate "2019.02.26"]
[SourceQuality "1"]

1. e4 c6 2. Nc3 d5 3. Nf3 dxe4 4. Nxe4 Nf6 5. Nxf6+ gxf6 6. d4 Bf5 7. Bd3 Nd7 8. 0-0 Bg6 9. Bf4 Bg7 10. c3 0-0 11. Nh4 e6 12. Nxg6 hxg6 13. Qb3 Nb6 14. Rad1 Qd5 15. c4 Qxd4 16. Be3 Qe5 17. Bxb6 axb6 18. Qxb6 Rxa2 19. Qxb7 c5 20. b3 Rb8 21. Qe7 Bf8 22. Qd7 Rb2 23. Rfe1 Qf4 24. f3 Bd6 25. Re2 Qxh2+ 26. Kf1 Qh1+ 27. Kf2 Qxd1 28. Qxd6 Rxe2+ 0-1

[Event "Sundsvall op"]
[Site "Sundsvall"]
[Date "2019.01.04"]
[Round "4"]
[White "Soderstrom, Adrian"]
[Black "Grishchenko, Sergey"]
[Result "0-1"]
[WhiteElo "2118"]
[BlackElo "2409"]
[PlyCount "98"]
[EventDate "2019.01.04"]
[EventType "swiss"]
[EventRounds "8"]
[EventCountry "SWE"]
[SourceTitle "CBM 188 Extra"]
[Source "ChessBase"]
[SourceDate "2019.02.26"]
[SourceVersion "1"]
[SourceVersionDate "2019.02.26"]
[SourceQuality "1"]

1. d4 d5 2. c4 e6 3. Nc3 c5 4. cxd5 exd5 5. e3 Nf6 6. Bd3 Nc6 7. Nge2 Bd6 8. a3 0-0 9. dxc5 Bxc5 10. b4 Bd6 11. Bb2 Re8 12. b5 Ne5 13. h3 Nc4 14. Bxc4 dxc4 15. 0-0 Bf5 16. Nd4 Bd3 17. Re1 Be5 18. Nf3 Bc7 19. Ne2 Ne4 20. Nc3 Nc5 21. Nd2 Qd6 22. g3 Rad8 23. Qg4 Qh6 24. h4 Re6 25. Nf3 Rg6 26. Qh3 Qh5 27. Nd4 Rg4 28. Rad1 g5 29. Nf3 Rxg3+ 30. fxg3 g4 31. Qg2 gxf3 32. Qf2 Qg4 33. Rf1 Bxf1 34. Rxd8+ Bxd8 35. Kxf1 Nd3 36. Qh2 f2 37. Ba1 Bc7 38. Ne2 Qe4 39. Qh3 Be5 40. Qc8+ Kg7 41. Bxe5+ Qxe5 42. Qg4+ Kf6 43. Qf3+ Kg7 44. Qg4+ Kh6 45. Qxc4 Qa1+ 46. Nc1 Qxc1+ 47. Qxc1 Nxc1 48. Kxf2 Kg6 49. Kf3 Kf5 0-1

[Event "Copenhagen Obro New Year op"]
[Site "Copenhagen"]
[Date "2018.12.31"]
[Round "7"]
[White "Grishchenko, Sergey"]
[Black "Hansen, Soren Bech"]
[Result "1-0"]
[WhiteElo "2431"]
[BlackElo "2244"]
[PlyCount "123"]
[EventDate "2018.12.27"]
[EventType "swiss"]
[EventRounds "7"]
[EventCountry "DEN"]
[SourceTitle "CBM 189 Extra"]
[Source "ChessBase"]
[SourceDate "2019.06.03"]
[SourceVersion "1"]
[SourceVersionDate "2019.06.03"]
[SourceQuality "1"]

1. d4 Nf6 2. c4 e6 3. Nc3 Bb4 4. e3 0-0 5. Nge2 Re8 6. a3 Bf8 7. d5 d6 8. g3 c6 9. Bg2 cxd5 10. cxd5 e5 11. e4 a5 12. 0-0 Nbd7 13. Rb1 Nb6 14. b4 axb4 15. axb4 Bd7 16. Qd3 Na4 17. Nxa4 Rxa4 18. Nc3 Ra8 19. Bd2 Ra3 20. Ra1 Qa8 21. Qb1 Rxa1 22. Qxa1 Qa6 23. Qxa6 bxa6 24. Ra1 Rb8 25. Rxa6 Rxb4 26. Ra8 Rb2 27. Ra2 Rxa2 28. Nxa2 Ne8 29. f3 g6 30. Kf2 f5 31. Nb4 Kf7 32. Nc6 fxe4 33. fxe4 Nf6 34. h3 h6 35. Bb4 Ne8 36. Bf1 Nf6 37. Kf3 Ne8 38. Kf2 Nf6 39. Kf3 Ne8 40. g4 Be7 41. Bb5 Nf6 42. Bd2 g5 43. Na7 Ke8 44. Bc6 Bd8 45. Bb4 Ke7 46. Nb5 Ne8 47. Nc3 Bb6 48. Ne2 Ng7 49. Bxd7 Kxd7 50. Ng3 Bd8 51. Ke2 Kc8 52. Bxd6 Bf6 53. Bf8 Kd7 54. Nh5 Ne8 55. Bxh6 Ke7 56. Nxf6 Kxf6 57. Bf8 Kf7 58. Bb4 Nc7 59. Be1 Nb5 60. Bf2 Kf6 61. h4 Nc3+ 62. Kf3 1-0

[Event "Copenhagen Obro New Year op"]
[Site "Copenhagen"]
[Date "2018.12.29"]
[Round "3"]
[White "Porte, Henrik"]
[Black "Grishchenko, Sergey"]
[Result "1/2-1/2"]
[WhiteElo "2156"]
[BlackElo "2431"]
[PlyCount "115"]
[EventDate "2018.12.27"]
[EventType "swiss"]
[EventRounds "7"]
[EventCountry "DEN"]
[SourceTitle "CBM 189 Extra"]
[Source "ChessBase"]
[SourceDate "2019.06.03"]
[SourceVersion "1"]
[SourceVersionDate "2019.06.03"]
[SourceQuality "1"]

1. d4 d5 2. c4 dxc4 3. Nf3 Nf6 4. e3 e6 5. Bxc4 a6 6. 0-0 c5 7. Qe2 b5 8. Bb3 Nc6 9. Nc3 Bb7 10. Rd1 Na5 11. Bc2 cxd4 12. Nxd4 Qb8 13. e4 Bd6 14. h3 0-0 15. Bg5 Be5 16. Nf3 Nc4 17. Na4 Rc8 18. Nxe5 Qxe5 19. Bxf6 Qxf6 20. Bd3 Qe5 21. Bxc4 bxa4 22. Bd3 Rd8 23. Bxa6 Bxa6 24. Qxa6 Qxb2 25. Qc4 Rdc8 26. Qd4 Qxd4 27. Rxd4 Rc2 28. Rad1 g5 29. R1d2 Rc1+ 30. Kh2 Kg7 31. Kg3 Rc3+ 32. R4d3 Rac8 33. Rxc3 Rxc3+ 34. f3 Kf6 35. Kg4 Kg6 36. h4 h5+ 37. Kg3 f6 38. hxg5 fxg5 39. Kh2 Kf6 40. Kg3 Ke5 41. Kh2 Ra3 42. Kg3 g4 43. Rb2 Kf6 44. Rb5 e5 45. Kh4 gxf3 46. Rb6+ Ke7 47. gxf3 Rxf3 48. Kxh5 Rf2 49. Kg5 Rxa2 50. Kf5 a3 51. Kxe5 Ra1 52. Rb7+ Kd8 53. Ra7 a2 54. Ke6 Kc8 55. e5 Kb8 56. Ra3 Kc7 57. Ke7 Re1 58. Rxa2 1/2-1/2

[Event "Copenhagen Obro New Year op"]
[Site "Copenhagen"]
[Date "2018.12.27"]
[Round "1"]
[White "Orio, Lars"]
[Black "Grishchenko, Sergey"]
[Result "0-1"]
[WhiteElo "1928"]
[BlackElo "2431"]
[PlyCount "86"]
[EventDate "2018.12.27"]
[EventType "swiss"]
[EventRounds "7"]
[EventCountry "DEN"]
[SourceTitle "CBM 189 Extra"]
[Source "ChessBase"]
[SourceDate "2019.06.03"]
[SourceVersion "1"]
[SourceVersionDate "2019.06.03"]
[SourceQuality "1"]

1. e4 c6 2. d4 d5 3. exd5 cxd5 4. c4 Nf6 5. Nc3 g6 6. Nf3 Bg7 7. Be2 0-0 8. 0-0 Nc6 9. h3 Be6 10. c5 Ne4 11. Be3 b6 12. cxb6 Nxc3 13. bxc3 axb6 14. Qd2 Bc8 15. Bh6 Ba6 16. Rfe1 Bxe2 17. Rxe2 Qc7 18. Bxg7 Kxg7 19. c4 Na5 20. cxd5 Nb3 21. axb3 Rxa1+ 22. Ne1 Rd8 23. d6 Qxd6 24. Qg5 Qf6 25. Qxf6+ Kxf6 26. Kh2 Rb1 27. Re3 Rxd4 28. Nc2 Rd5 29. b4 Rd2 30. Rf3+ Kg7 31. Ne3 Rxb4 32. Ng4 Re4 33. Kg3 f5 34. Nh2 Red4 35. Nf1 R2d3 36. Ne3 e5 37. Nc2 f4+ 38. Kg4 h5+ 39. Kg5 Rxf3 40. gxf3 Rd1 41. Nb4 Rg1+ 42. Kh4 Kh6 43. Nd5 g5# 0-1

[Event "LAT-chT"]
[Site "Riga"]
[Date "2018.06.10"]
[Round "3.5"]
[White "Tokranovs, Dmitrijs"]
[Black "Grishchenko, Sergey"]
[Result "1-0"]
[WhiteElo "2272"]
[BlackElo "2448"]
[PlyCount "65"]
[EventDate "2018.06.09"]
[EventType "team-tourn"]
[EventRounds "11"]
[EventCountry "LAT"]
[SourceTitle "CBM 184 Extra"]
[Source "ChessBase"]
[SourceDate "2018.06.28"]
[SourceVersion "1"]
[SourceVersionDate "2018.06.28"]
[SourceQuality "1"]
[WhiteTeam "Rigas Saha School"]
[BlackTeam "Termo Eko/RSF"]
[WhiteTeamCountry "LAT"]
[BlackTeamCountry "LAT"]

1. Nf3 d5 2. g3 c5 3. Bg2 Nc6 4. d4 Nf6 5. 0-0 e6 6. c4 Be7 7. Nc3 0-0 8. cxd5 exd5 9. Bg5 cxd4 10. Nxd4 Bg4 11. h3 Bd7 12. e3 Be6 13. Nxe6 fxe6 14. Qb3 Na5 15. Qc2 Rc8 16. Rac1 Kh8 17. Rfd1 Qb6 18. Qe2 Qb4 19. Nb5 h6 20. a3 Qb3 21. Nd4 Qb6 22. Rxc8 Rxc8 23. Bxf6 Bxf6 24. Qg4 Qxb2 25. Qxe6 Rf8 26. Qd6 Rd8 27. Qc7 Rf8 28. Qxa5 Bxd4 29. exd4 Qxf2+ 30. Kh2 Rf3 31. Qd8+ Kh7 32. Qxd5 Rxg3 33. Rf1 1-0